Diez estudies sobre inteligencia y excepcionalidad / Jualian De Zubiria Sampier y Alberto Ramírez G. (Compilador) (Registro nro. 11449)
[ vista simple ]
| 000 -LEADER | |
|---|---|
| fixed length control field | 00692nam a22002051a 4500 |
| 001 - CONTROL NUMBER | |
| control field | 11449 |
| 003 - CONTROL NUMBER IDENTIFIER | |
| control field | OSt |
| 005 - DATE AND TIME OF LATEST TRANSACTION | |
| control field | 20260204212243.0 |
| 008 - FIXED-LENGTH DATA ELEMENTS--GENERAL INFORMATION | |
| fixed length control field | 121108s2003||||ck ||||||b||||||||||spa|| |
| 020 ## - NUMERO DE LIBRO INTERNACIONAL NORMALIZADO | |
| International Standard Book Number | 9582007052 |
| 050 ## - LIBRARY OF CONGRESS CALL NUMBER | |
| Classification number | 153.9 Z82d |
| 100 ## - ASIENTO PRINCIPAL -- NOMBRE PERSONAL | |
| Personal name | Zubiria Sampier, Jualian De |
| 245 ## - TÍTULO PROPIAMENTE DICHO: SUBTÍTULO | |
| Title | Diez estudies sobre inteligencia y excepcionalidad / Jualian De Zubiria Sampier y Alberto Ramírez G. (Compilador) |
| 264 ## - PRODUCTION, PUBLICATION, DISTRIBUTION, MANUFACTURE, AND COPYRIGHT NOTICE | |
| Place of production, publication, distribution, manufacture | Colombia: Cooperativa editorial magisterio |
| 490 ## - MENCIÓN DE SERIE | |
| Series statement | 252 p |
| 500 ## - GENERAL NOTE | |
| General note | Colección aula abierta |
| 505 ## - NOTA DE CONTENIDO | |
| Formatted contents note | Incluye indice y bibiografía |
| 650 ## - ASIENTO SECUNDARIO DE MATERIA -- TERMINO TEMÁTICO | |
| Termino Temático Como Elemento de Entrada | Inteligencia y aptitudez 2.Desarrollo de la Inteligencia 3.Inteligencia - EstudiosÌ |
| 942 ## - ADDED ENTRY ELEMENTS (KOHA) | |
| Source of classification or shelving scheme | Dewey Decimal Classification |
| Koha item type | Libros |
| Withdrawn status | Lost status | Source of classification or shelving scheme | Damaged status | Not for loan | Current library | Date acquired | Total Checkouts | Full call number | Barcode | Date last seen | Price effective from | Koha item type |
|---|---|---|---|---|---|---|---|---|---|---|---|---|
| Dewey Decimal Classification | Biblioteca UTECO | 09/09/2019 | 153.9 Z82D | 016471 | 09/09/2019 | 09/09/2019 | Libros | |||||
| Dewey Decimal Classification | Biblioteca UTECO | 09/09/2019 | 153.9 Z82D | 016472 | 09/09/2019 | 09/09/2019 | Libros | |||||
| Dewey Decimal Classification | Biblioteca UTECO | 09/09/2019 | 153.9 Z82D | 016473 | 09/09/2019 | 09/09/2019 | Libros |
